Hacia una planeación didáctica eficaz en la escuela primaria / (Record no. 159280)

MARC details
000 -CABECERA
campo de control de longitud fija 00890nam a2200241 a 4500
005 - FECHA Y HORA DE LA ÚLTIMA TRANSACCIÓN
campo de control 20240606063732.0
008 - ELEMENTOS DE LONGITUD FIJA--INFORMACIÓN GENERAL
campo de control de longitud fija 121008s2006 mx r 000 0 spa d
020 ## - NÚMERO INTERNACIONAL NORMALIZADO PARA LIBROS
Número Internacional Estándar del Libro 9689082329
035 ## - NÚMERO DE CONTROL DEL SISTEMA
Número de control de sistema UPN01000187177
049 ## - COLECCIÓN
Colección LTG
050 #4 - SIGNATURA TOPOGRÁFICA DE LA BIBLIOTECA DEL CONGRESO
Número de clasificación LB2002 A1.46
Número de documento/Ítem H3.3 2006
245 00 - MENCIÓN DE TÍTULO
Título Hacia una planeación didáctica eficaz en la escuela primaria /
Mención de responsabilidad, etc. María Durán Rodríguez ... [et al.].
250 ## - MENCIÓN DE EDICIÓN
Mención de edición 2a ed.
260 ## - PUBLICACIÓN, DISTRIBUCIÓN, ETC.
Lugar de publicación, distribución, etc. México :
Nombre del editor, distribuidor, etc. SEP,
Fecha de publicación, distribución, etc. 2006.
300 ## - DESCRIPCIÓN FÍSICA
Extensión 46 p.
440 #0 - MENCIÓN DE SERIE/ASIENTO SECUNDARIO--TÍTULO
Título Programa Nacional para la Actualización Permanente de los Maestros de Educación Básica en Servicio.
Nombre de parte o sección de la obra Talleres Generales de Actualización
500 ## - NOTA GENERAL
Nota general "Primaria"
650 #4 - ASIENTO SECUNDARIO DE MATERIA - TERMINO TEMATICO
Término de materia o nombre geográfico como elemento de entrada Maestros en servicio, Formación de
9 (RLIN) 390
650 #2 - ASIENTO SECUNDARIO DE MATERIA - TERMINO TEMATICO
Término de materia o nombre geográfico como elemento de entrada Plan de clase
9 (RLIN) 14466
700 1# - ASIENTO SECUNDARIO--NOMBRE DE PERSONAL
Nombre de persona Durán Rodríguez, María,
Término indicativo de función/relación coaut.
9 (RLIN) 32705
710 1# - ASIENTO SECUNDARIO - NOMBRE CORPORATIVO
Nombre de entidad corporativa o nombre de jurisdicción como elemento de entrada México.
Unidad subordinada Subsecretaría de Educación Básica
9 (RLIN) 32706
905 ## - TIPO DE MATERIAL
Tipo de material Libro
Holdings
Estado de retiro Estado de pérdida Fuente del sistema de clasificación o colocación Estado dañado No para préstamo Código de colección Localización permanente Ubicación/localización actual Ubicación en estantería Fecha de adquisición Clasificación Código de barras Fecha visto por última vez Número de copia Tipo de ítem Koha Total de préstamos Fecha del último préstamo
    Library of Congress Classification   Disponible (Préstamo en sala) Libros de texto gratuitos Bib. Gregorio Torres Quintero Bib. Gregorio Torres Quintero Colecciones especiales Planta alta 03/05/2023 LB2002 A1.46 H3.3 2006 244285 31/12/2020 1 Libro    
    Library of Congress Classification   Coleccion LTG Libros de texto gratuitos Bib. Gregorio Torres Quintero Bib. Gregorio Torres Quintero Colecciones especiales Planta alta 14/02/2023 LB2002 A1.46 H3.3 2006 330662 31/10/2023 Ej.2 Libro 1 31/10/2023